000
00313nam a22001337a 4500
008
181015b xxu||||| |||| 00| 0 eng d
020
_a
9780078110245
041
_a
eng
080
_2
6 ED
_a
370
100
_a
49
101
_a
EDU
245
_a
rEMEDATION Reading Difficulties
_c
Crawley.SH.J
942
_2
udc
_c
BK
999
_c
49633
_d
49633